An introduction to ethorobotics : (Record no. 43910)

MARC details
001 - CONTROL NUMBER
control field 23697437
003 - CONTROL NUMBER IDENTIFIER
control field 000
005 - DATE AND TIME OF LATEST TRANSACTION
control field 20251017143933.0
008 - FIXED-LENGTH DATA ELEMENTS--GENERAL INFORMATION
fixed length control field 240517s2024 nyu b 001 0 eng
010 ## - LIBRARY OF CONGRESS CONTROL NUMBER
LC control number 2024015220
020 ## - INTERNATIONAL STANDARD BOOK NUMBER
International Standard Book Number 9781032023342
035 ## - SYSTEM CONTROL NUMBER
System control number 23697437
040 ## - CATALOGING SOURCE
Original cataloging agency DLC
Language of cataloging eng
Description conventions rda
Transcribing agency DLC
Modifying agency DLC
042 ## - AUTHENTICATION CODE
Authentication code pcc
050 00 - LIBRARY OF CONGRESS CALL NUMBER
Classification number TJ 211.38 .I58
082 00 - DEWEY DECIMAL CLASSIFICATION NUMBER
Classification number 303.48/34
Edition number 23/eng/20240802
100 ## - MAIN ENTRY--PERSONAL NAME
Personal name Abdai, Judit (editor)
245 03 - TITLE STATEMENT
Title An introduction to ethorobotics :
Remainder of title robotics and the study of animal behaviour /
Statement of responsibility, etc edited by Judit Abdai, ℓdm̀ Mikls̤i.
263 ## - PROJECTED PUBLICATION DATE
Projected publication date 2410
264 #1 - PUBLICATION, DISTRIBUTION, ETC. (IMPRINT)
Place of publication, distribution, etc Abingdon, Oxon :
Name of publisher, distributor, etc Routledge,
Date of publication, distribution, etc 2025.
300 ## - PHYSICAL DESCRIPTION
Extent xix, 495p. ill.
336 ## - CONTENT TYPE
Content type term text
Content type code txt
Source rdacontent
337 ## - MEDIA TYPE
Media type term unmediated
Media type code n
Source rdamedia
338 ## - CARRIER TYPE
Carrier type term volume
Carrier type code nc
Source rdacarrier
504 ## - BIBLIOGRAPHY, ETC. NOTE
Bibliography, etc Includes bibliographical references and index.
520 ## - SUMMARY, ETC.
Summary, etc "This pioneering text explores the emerging discipline of ethorobotics which brings together the fields of animal behaviour and robotics. It encourages closer collaboration between behavioural scientists and engineers to facilitate the creation of robots with a higher degree of functionality in animal/human environments, and to broaden understandings of animal behaviour in new and intriguing ways. Utilizing the knowledge of key ethologists and roboticists in the field today, the book is divided into four major parts. The first part is written for those with little or no background in the biology of animal behaviour, particularly for those coming from a engineering background seeking an accessible introduction to the field and how it can be applied to robotic behaviour. Topics include problem solving in animals, social cognition and communication (visual, acoustic, olfactory, etc.). The second part is an introduction to the basic construction of robots for non-engineers, and the possibilities offered by current technical achievements and their limitations to the study of animal behaviour. The third part explores the core theme of ethorobotics, the basic framework of the discipline, the field's evolution, and current topics including ethical considerations, autonomy, to 'living' social robots. The fourth and final chapter looks at ethorobotics in practice through key research projects which have had the biggest impact. This is a ground-breaking interdisciplinary text which will appeal to upper-level undergraduates, postgraduates and researchers focusing on animal behaviour and cognition, as well as those undertaking courses in engineering, social robotics, biologically inspired robotics, AI, human-robot and animal-robot interactions"--
Assigning source Provided by publisher.
650 #0 - SUBJECT ADDED ENTRY--TOPICAL TERM
Topical term or geographic name as entry element Ethorobotics.
650 #0 - SUBJECT ADDED ENTRY--TOPICAL TERM
Topical term or geographic name as entry element Robots
General subdivision Social aspects.
650 #0 - SUBJECT ADDED ENTRY--TOPICAL TERM
Topical term or geographic name as entry element Animal behavior
General subdivision Simulation methods.
650 #0 - SUBJECT ADDED ENTRY--TOPICAL TERM
Topical term or geographic name as entry element Human-animal relationships
General subdivision Research.
650 #0 - SUBJECT ADDED ENTRY--TOPICAL TERM
Topical term or geographic name as entry element Artificial intelligence.
700 1# - ADDED ENTRY--PERSONAL NAME
Personal name Abdai, Judit,
Relator term editor.
700 1# - ADDED ENTRY--PERSONAL NAME
Personal name Mikls̤i, ℓdm̀,
Relator term editor.
776 08 - ADDITIONAL PHYSICAL FORM ENTRY
Relationship information Online version:
Title Introduction to ethorobotics.
Edition First edition
Place, publisher, and date of publication Abingdon, Oxon : Routledge, 2024
International Standard Book Number 9781003182931
Record control number (DLC) 2024015221
906 ## - LOCAL DATA ELEMENT F, LDF (RLIN)
a 7
b cbc
c orignew
d 1
e ecip
f 20
g y-gencatlg
942 ## - ADDED ENTRY ELEMENTS (KOHA)
Source of classification or shelving scheme Library of Congress Classification
Koha item type Books
Holdings
Withdrawn status Lost status Source of classification or shelving scheme Damaged status Not for loan Permanent Location Current Location Date acquired Total Checkouts Full call number Barcode Date last seen Price effective from Koha item type
    Library of Congress Classification     NILE UNIVERSITY OF NIGERIA - MAIN LIBRARY NILE UNIVERSITY OF NIGERIA - MAIN LIBRARY 10/17/2025   TJ 211.38 .I58 2025 0199389 10/17/2025 10/17/2025 Books